[Event "Doeberl Cup Premier 51st"]
[Site "Canberra"]
[Date "2013.03.29"]
[Round "4"]
[White "Chan, Michael1"]
[Black "Garner, David"]
[Result "1/2-1/2"]
[WhiteElo "1948"]
[BlackElo "2150"]
[PlyCount "56"]
[EventDate "2013.03.28"]
[EventType "swiss"]
[EventRounds "9"]
[EventCountry "AUS"]
[SourceTitle "EXT 2023"]
[Source "ChessBase"]
[SourceDate "2022.10.05"]
[SourceVersion "1"]
[SourceVersionDate "2022.10.05"]
[SourceQuality "1"]

1. Nf3 Nf6 2. c4 g6 3. g3 Bg7 4. Bg2 0-0 5. 0-0 c5 6. Nc3 d5 7. cxd5 Nxd5 8. Qb3 Nb6 9. d3 Nc6 10. Be3 Nd4 11. Qd1 Bg4 12. Ng5 h6 13. h3 Bd7 14. Nge4 Rc8 15. Rc1 f5 16. Nd2 Bc6 17. Nb3 Bxg2 18. Kxg2 e5 19. Nd2 Kh7 20. Rg1 Nd5 21. Kh2 a6 22. Bxd4 exd4 23. Nxd5 Qxd5 24. b3 Rfe8 25. Rc2 Rc6 26. Rg2 Rce6 27. f4 Bf8 28. Qf1 Bd6 1/2-1/2

[Event "Doeberl Cup Premier 51st"]
[Site "Canberra"]
[Date "2013.03.29"]
[Round "3"]
[White "Garner, David"]
[Black "Stojic, Dusan"]
[Result "0-1"]
[WhiteElo "2150"]
[BlackElo "2228"]
[PlyCount "60"]
[EventDate "2013.03.28"]
[EventType "swiss"]
[EventRounds "9"]
[EventCountry "AUS"]
[SourceTitle "CBM 153 Extra"]
[Source "ChessBase"]
[SourceDate "2013.04.22"]
[SourceVersion "1"]
[SourceVersionDate "2013.04.22"]
[SourceQuality "1"]

1. Nf3 c5 2. b3 Nc6 3. Bb2 d6 4. e3 e5 5. d4 cxd4 6. exd4 e4 7. Nfd2 f5 8. d5 Ne5 9. Nc4 Nxc4 10. Bxc4 Nf6 11. Nc3 Be7 12. Bb5+ Nd7 13. Bxd7+ Bxd7 14. Ne2 0-0 15. Nf4 Bg5 16. Nh5 Qa5+ 17. Kf1 Rf7 18. h4 Bd2 19. c4 f4 20. Qe2 e3 21. f3 b5 22. Bd4 bxc4 23. bxc4 Bc3 24. Rd1 g6 25. Nxf4 Rxf4 26. Bxe3 Re8 27. h5 g5 28. Qf2 Rf5 29. h6 Rfe5 30. Rd3 Bf5 0-1

[Event "Melbourne Victorian-ch"]
[Site "Melbourne"]
[Date "2012.05.21"]
[Round "2"]
[White "West, Guy"]
[Black "Garner, David"]
[Result "1-0"]
[WhiteElo "2328"]
[BlackElo "2171"]
[PlyCount "55"]
[EventDate "2012.05.01"]
[EventType "tourn"]
[EventRounds "11"]
[EventCountry "AUS"]
[SourceTitle "EXT 2014"]
[Source "ChessBase"]
[SourceDate "2013.11.20"]
[SourceVersion "1"]
[SourceVersionDate "2013.11.20"]
[SourceQuality "1"]

1. d4 d5 2. c4 c6 3. Nc3 Nf6 4. Nf3 e6 5. e3 Nbd7 6. Qc2 Bd6 7. Bd2 0-0 8. 0-0-0 c5 9. cxd5 exd5 10. Ng5 h6 11. h4 Re8 12. Nxd5 Nxd5 13. Qh7+ Kf8 14. e4 N7f6 15. Qh8+ Ke7 16. Qxg7 hxg5 17. exd5 Bf4 18. Re1+ Kd6 19. Bxf4+ gxf4 20. Rxe8 Qxe8 21. Qxf6+ Kxd5 22. Qg5+ f5 23. Bd3 cxd4 24. Qxf4 Bd7 25. Bxf5 Rc8+ 26. Kb1 Rc6 27. Bxd7 Qxd7 28. Qxd4+ 1-0

[Event "Melbourne Victorian-ch"]
[Site "Melbourne"]
[Date "2012.05.19"]
[Round "4"]
[White "Morris, James"]
[Black "Garner, David"]
[Result "1-0"]
[WhiteElo "2327"]
[BlackElo "2171"]
[PlyCount "103"]
[EventDate "2012.05.01"]
[EventType "tourn"]
[EventRounds "11"]
[EventCountry "AUS"]
[SourceTitle "EXT 2014"]
[Source "ChessBase"]
[SourceDate "2013.11.20"]
[SourceVersion "1"]
[SourceVersionDate "2013.11.20"]
[SourceQuality "1"]

1. e4 c5 2. Nc3 d6 3. f4 g6 4. Nf3 Bg7 5. Bc4 Nc6 6. d3 e6 7. 0-0 Nge7 8. Qe1 h6 9. a3 a6 10. Ba2 b5 11. Be3 Nd4 12. Bxd4 cxd4 13. Ne2 Qb6 14. Qf2 Nc6 15. c3 0-0 16. Nfxd4 Nxd4 17. Nxd4 Bd7 18. Ne2 Qxf2+ 19. Kxf2 a5 20. Ke3 Rfc8 21. Bb3 Rab8 22. d4 Kf8 23. g4 Ke7 24. Kd2 Rf8 25. Rae1 f6 26. f5 gxf5 27. gxf5 h5 28. fxe6 Bh6+ 29. Kd3 Bxe6 30. Bxe6 Kxe6 31. Rf5 Bg5 32. d5+ Kd7 33. Nd4 Rg8 34. Ne6 Rg6 35. Rg1 Rbg8 36. h4 Bh6 37. Rxg6 Rxg6 38. Rxh5 Rg3+ 39. Ke2 Bc1 40. Rh7+ Kc8 41. h5 Rh3 42. Nd4 Bxb2 43. Nxb5 Kd8 44. h6 Bc1 45. Nxd6 a4 46. Ra7 Bxa3 47. Nf5 Bc1 48. h7 a3 49. d6 Bb2 50. Nd4 Bxc3 51. Nc6+ Kc8 52. Rc7# 1-0

[Event "Basel Hilton op 14th"]
[Site "Basel"]
[Date "2012.01.04"]
[Round "6"]
[White "Metz, Hartmut"]
[Black "Garner, David"]
[Result "1/2-1/2"]
[WhiteElo "2319"]
[BlackElo "2165"]
[PlyCount "33"]
[EventDate "2012.01.01"]
[EventType "swiss"]
[EventRounds "7"]
[EventCountry "SUI"]
[SourceTitle "CBM 146 Extra"]
[Source "ChessBase"]
[SourceDate "2012.02.29"]
[SourceVersion "1"]
[SourceVersionDate "2012.02.29"]
[SourceQuality "1"]

1. e4 c5 2. Nf3 d6 3. d4 cxd4 4. Nxd4 Nf6 5. Nc3 a6 6. Bg5 e6 7. Qd2 Nbd7 8. 0-0-0 Qc7 9. f4 Be7 10. g3 0-0 11. h4 b5 12. Bg2 Bb7 13. Bxf6 Bxf6 14. g4 b4 15. Nce2 Nc5 16. Qe3 e5 17. fxe5 1/2-1/2

[Event "Melbourne Victorian op"]
[Site "Melbourne"]
[Date "2011.06.13"]
[Round "7"]
[White "Nemeth, John"]
[Black "Garner, David"]
[Result "1/2-1/2"]
[WhiteElo "2148"]
[BlackElo "2101"]
[PlyCount "33"]
[EventDate "2011.06.11"]
[EventType "swiss"]
[EventRounds "7"]
[EventCountry "AUS"]
[SourceTitle "EXT 2012"]
[Source "ChessBase"]
[SourceDate "2011.11.24"]
[SourceVersion "1"]
[SourceVersionDate "2011.11.24"]
[SourceQuality "1"]

1. e4 c5 2. Nf3 d6 3. d4 cxd4 4. Nxd4 Nf6 5. Nc3 a6 6. Be2 e5 7. Nb3 Be7 8. a4 b6 9. f4 Nbd7 10. 0-0 Bb7 11. Bf3 0-0 12. Qe1 Rc8 13. Be3 Qc7 14. Rd1 Rfd8 15. Rf2 Bc6 16. Rfd2 Qb7 17. fxe5 1/2-1/2

[Event "Doeberl Cup 49th"]
[Site "Canberra"]
[Date "2011.04.23"]
[Round "5"]
[White "Ikeda, Junta"]
[Black "Garner, David"]
[Result "1-0"]
[WhiteElo "2296"]
[BlackElo "2146"]
[PlyCount "81"]
[EventDate "2011.04.21"]
[EventType "swiss"]
[EventRounds "9"]
[EventCountry "AUS"]
[SourceTitle "CBM 141 Extra"]
[Source "ChessBase"]
[SourceDate "2011.05.03"]
[SourceVersion "1"]
[SourceVersionDate "2011.05.03"]
[SourceQuality "1"]

1. e4 c5 2. d3 Nc6 3. Nd2 g6 4. g3 Bg7 5. Bg2 d6 6. f4 e5 7. Ndf3 Nge7 8. h4 Bg4 9. Nh3 exf4 10. gxf4 d5 11. Nf2 Bh5 12. c3 dxe4 13. dxe4 Qa5 14. 0-0 0-0 15. Be3 b6 16. Qb3 Qa6 17. a4 Rad8 18. Qb5 Qc8 19. Bh3 Qb7 20. Nh1 Bxf3 21. Rxf3 f5 22. Ng3 fxe4 23. Qc4+ Kh8 24. Qxe4 Rfe8 25. Bf2 Nf5 26. Bxf5 Rxe4 27. Bxe4 Qc7 28. h5 Rf8 29. Kg2 Ne7 30. Rh1 Kg8 31. hxg6 hxg6 32. f5 gxf5 33. Nxf5 Nxf5 34. Bd5+ Rf7 35. Rxf5 Qd6 36. Bxf7+ Kf8 37. Bd5+ Ke8 38. Re1+ Kd8 39. Bh4+ Kc8 40. Re8+ Kd7 41. Rd8+ 1-0

[Event "Doeberl Cup 49th"]
[Site "Canberra"]
[Date "2011.04.21"]
[Round "2"]
[White "Garner, David"]
[Black "Ly, Moulthun"]
[Result "1/2-1/2"]
[WhiteElo "2146"]
[BlackElo "2381"]
[PlyCount "104"]
[EventDate "2011.04.21"]
[EventType "swiss"]
[EventRounds "9"]
[EventCountry "AUS"]
[SourceTitle "CBM 141 Extra"]
[Source "ChessBase"]
[SourceDate "2011.05.03"]
[SourceVersion "1"]
[SourceVersionDate "2011.05.03"]
[SourceQuality "1"]

1. d4 Nf6 2. Nf3 g6 3. c4 Bg7 4. Nc3 0-0 5. e4 d6 6. Be2 e5 7. 0-0 Nc6 8. d5 Ne7 9. b4 Nh5 10. Re1 a5 11. Ba3 axb4 12. Bxb4 b6 13. a4 Re8 14. Qb3 Nf4 15. Bf1 c5 16. dxc6 Nxc6 17. Ba3 Bg4 18. Nb5 Bf8 19. Re3 Ne6 20. Bb2 Nc5 21. Qd1 h6 22. h3 Be6 23. Qc2 Qb8 24. Nd2 Rc8 25. g3 Bg7 26. Bg2 Nd4 27. Nxd4 exd4 28. Rea3 Bd7 29. Nf3 Rxa4 30. Bxd4 Rxa3 31. Rxa3 Bf8 32. Ba1 Ne6 33. Qb2 Bg7 34. Qb4 Bxa1 35. Rxa1 Qc7 36. Rd1 Nc5 37. Nd4 Re8 38. Nb5 Bxb5 39. cxb5 Re6 40. Qd4 Qd7 41. Rb1 Qe8 42. Rb4 Kh7 43. h4 h5 44. Bf3 Qa8 45. Kg2 Qa3 46. Rb1 Qa4 47. Qxa4 Nxa4 48. Ra1 Nc3 49. Ra6 Nxb5 50. Rxb6 Na3 51. Rb4 Nc2 52. Rb1 Nd4 1/2-1/2

[Event "AUS-ch Major"]
[Site "Cammeray"]
[Date "2011.01.02"]
[Round "1"]
[White "Garner, David"]
[Black "Dale, Ari"]
[Result "0-1"]
[WhiteElo "2185"]
[BlackElo "1848"]
[PlyCount "106"]
[EventDate "2011.01.02"]
[EventType "swiss"]
[EventRounds "11"]
[EventCountry "AUS"]
[SourceTitle "CBM 140 Extra"]
[Source "ChessBase"]
[SourceDate "2011.03.01"]
[SourceVersion "1"]
[SourceVersionDate "2011.03.01"]
[SourceQuality "1"]

1. d4 Nf6 2. c4 g6 3. Nf3 Bg7 4. Nc3 d5 5. Qb3 dxc4 6. Qxc4 Na6 7. e4 0-0 8. Be3 Ng4 9. Bg5 c5 10. d5 Qb6 11. Qb5 Nb4 12. Rc1 Qd6 13. a3 Bd7 14. Qe2 Na6 15. Qd2 Rfe8 16. Be2 e5 17. h3 Nf6 18. 0-0 Nc7 19. a4 Rec8 20. Qe3 b6 21. Nd2 Nfe8 22. Nc4 Qf8 23. f4 h6 24. Bh4 exf4 25. Qd3 g5 26. Bf2 Nd6 27. h4 g4 28. g3 f3 29. Bd1 Nxc4 30. Qxc4 Qd6 31. Bc2 Be5 32. Kh2 a6 33. Nd1 b5 34. Qd3 Ne8 35. Bb1 Ng7 36. Rg1 Nh5 37. Qc2 c4 38. Ne3 Qf6 39. Kh1 Bxb2 40. Rcd1 Be5 41. axb5 axb5 42. d6 Be6 43. Nd5 Bxd5 44. Rxd5 Ra1 45. d7 Rd8 46. Rxe5 Qxe5 47. Qd2 Qe6 48. Rd1 Rxd7 49. Bd4 Nxg3+ 50. Kh2 Qd6 51. e5 Qxd4 52. Qc2 Qd2+ 53. Kxg3 Qxc2 0-1

[Event "Doeberl Cup 48th"]
[Site "Canberra"]
[Date "2010.04.02"]
[Round "4"]
[White "Jones, Gawain C B"]
[Black "Garner, David"]
[Result "1-0"]
[WhiteElo "2554"]
[BlackElo "2193"]
[PlyCount "37"]
[EventDate "2010.04.01"]
[EventType "swiss"]
[EventRounds "9"]
[EventCountry "AUS"]
[SourceTitle "CBM 135 Extra"]
[Source "ChessBase"]
[SourceDate "2010.05.04"]
[SourceVersion "1"]
[SourceVersionDate "2010.05.04"]
[SourceQuality "1"]

1. e4 c5 2. Nc3 d6 3. f4 g6 4. Nf3 Bg7 5. Bb5+ Bd7 6. Bc4 Nc6 7. 0-0 e6 8. d3 Nge7 9. f5 gxf5 10. Ng5 Ne5 11. Qh5 Qc8 12. exf5 d5 13. f6 Bxf6 14. Rxf6 dxc4 15. Nxf7 Nxf7 16. Rxf7 Ng6 17. Rxh7 Rxh7 18. Qxg6+ Rf7 19. Ne4 1-0

[Event "Doeberl Cup 48th"]
[Site "Canberra"]
[Date "2010.04.01"]
[Round "1"]
[White "Lester, George E"]
[Black "Garner, David"]
[Result "1/2-1/2"]
[WhiteElo "1887"]
[BlackElo "2193"]
[PlyCount "82"]
[EventDate "2010.04.01"]
[EventType "swiss"]
[EventRounds "9"]
[EventCountry "AUS"]
[SourceTitle "CBM 135 Extra"]
[Source "ChessBase"]
[SourceDate "2010.05.04"]
[SourceVersion "1"]
[SourceVersionDate "2010.05.04"]
[SourceQuality "1"]

1. d4 Nf6 2. c4 e6 3. Nc3 Bb4 4. e3 b6 5. Nge2 Bb7 6. a3 Be7 7. d5 0-0 8. Ng3 Re8 9. Be2 d6 10. 0-0 Bf8 11. e4 Nbd7 12. b4 c6 13. dxe6 fxe6 14. f4 Qe7 15. Qb3 Kh8 16. Be3 Rad8 17. Kh1 g6 18. Rad1 Bg7 19. Bc1 Rf8 20. Rd3 e5 21. f5 Rf7 22. Bg5 Nf8 23. Rfd1 h6 24. fxg6 Nxg6 25. Nf5 Qf8 26. Rh3 Nf4 27. Nxh6 Nxh3 28. Nxf7+ Qxf7 29. gxh3 d5 30. cxd5 cxd5 31. Bxf6 Qxf6 32. Nxd5 Bxd5 33. Rxd5 Rxd5 34. Qxd5 Qf4 35. Qd8+ Kh7 36. Qd3 Bf6 37. Qd7+ Kh6 38. Qd3 Bg5 39. Kg2 a5 40. bxa5 bxa5 41. Qd6+ Qf6 1/2-1/2

[Event "AUS-ch Major"]
[Site "Cammeray"]
[Date "2010.01.08"]
[Round "6"]
[White "Garner, David"]
[Black "Hu, Jason"]
[Result "1/2-1/2"]
[WhiteElo "2178"]
[BlackElo "2113"]
[PlyCount "94"]
[EventDate "2010.01.02"]
[EventType "swiss"]
[EventRounds "11"]
[EventCountry "AUS"]
[SourceTitle "EXT 2011"]
[Source "ChessBase"]
[SourceDate "2010.11.26"]
[SourceVersion "1"]
[SourceVersionDate "2010.11.26"]
[SourceQuality "1"]

1. d4 c6 2. Nf3 d5 3. c4 Nf6 4. e3 Bf5 5. cxd5 cxd5 6. Qb3 Qc7 7. Bd2 Nc6 8. Bb5 e6 9. 0-0 Bd6 10. Bb4 0-0 11. Bxc6 bxc6 12. Nbd2 a5 13. Bxd6 Qxd6 14. Rfc1 Rfb8 15. Qc3 Qb4 16. Qxb4 Rxb4 17. b3 a4 18. Ne5 c5 19. dxc5 Rc8 20. f3 h5 21. c6 Ne8 22. Rc5 Rc7 23. Rac1 axb3 24. axb3 Nd6 25. Ra1 f6 26. Ra8+ Nc8 27. Nd7 Kf7 28. Ra4 Rxa4 29. bxa4 Ne7 30. e4 Bg6 31. Nb8 dxe4 32. fxe4 e5 33. Kf2 Ke6 34. Ke3 Be8 35. Nc4 Nxc6 36. Na5 Kd6 37. Rd5+ Ke6 38. Rc5 Kd6 39. Rd5+ Ke6 40. Nbxc6 Bxc6 41. Rc5 Kd6 42. Rxc6+ Rxc6 43. Nxc6 Kxc6 44. h3 Kc5 45. g4 hxg4 46. hxg4 Kb4 47. Kd3 Kxa4 1/2-1/2

[Event "AUS-ch Major"]
[Site "Cammeray"]
[Date "2010.01.06"]
[Round "4"]
[White "Garner, David"]
[Black "Furst, Andrew"]
[Result "1-0"]
[WhiteElo "2178"]
[BlackElo "2010"]
[PlyCount "61"]
[EventDate "2010.01.02"]
[EventType "swiss"]
[EventRounds "11"]
[EventCountry "AUS"]
[SourceTitle "EXT 2011"]
[Source "ChessBase"]
[SourceDate "2010.11.26"]
[SourceVersion "1"]
[SourceVersionDate "2010.11.26"]
[SourceQuality "1"]

1. d4 Nf6 2. c4 g6 3. Nc3 Bg7 4. e4 d6 5. Nf3 0-0 6. h3 Nc6 7. d5 Ne5 8. Nxe5 dxe5 9. Bg5 h6 10. Be3 a6 11. Qd2 Kh7 12. c5 e6 13. d6 cxd6 14. cxd6 b5 15. b4 Bb7 16. f3 Qd7 17. Be2 Rfc8 18. 0-0 Ne8 19. a4 Qxd6 20. Qxd6 Nxd6 21. Bc5 bxa4 22. Nxa4 Rc6 23. Nb6 Rb8 24. Rfd1 Nc8 25. Rd8 Bf6 26. Re8 Bg5 27. Rd1 Rxc5 28. bxc5 Be3+ 29. Kh2 a5 30. Nc4 Bxc5 31. Nxa5 1-0

[Event "AUS-ch Major"]
[Site "Cammeray"]
[Date "2010.01.04"]
[Round "3"]
[White "Thiyagarajah, Anand"]
[Black "Garner, David"]
[Result "0-1"]
[WhiteElo "1873"]
[BlackElo "2178"]
[PlyCount "108"]
[EventDate "2010.01.02"]
[EventType "swiss"]
[EventRounds "11"]
[EventCountry "AUS"]
[SourceTitle "EXT 2011"]
[Source "ChessBase"]
[SourceDate "2010.11.26"]
[SourceVersion "1"]
[SourceVersionDate "2010.11.26"]
[SourceQuality "1"]

1. e4 c5 2. c3 d5 3. exd5 Qxd5 4. d4 Nf6 5. Nf3 Bg4 6. Be2 e6 7. 0-0 Nc6 8. Be3 cxd4 9. Nxd4 Bxe2 10. Qxe2 Nxd4 11. Bxd4 Be7 12. Rd1 Qh5 13. Qxh5 Nxh5 14. Nd2 Nf4 15. Ne4 f6 16. Bc5 Bxc5 17. Nxc5 b6 18. Ne4 Ke7 19. g3 Ng6 20. f3 Rhd8 21. Kf2 f5 22. Ng5 h6 23. Nh3 e5 24. Ke3 Ke6 25. Nf2 Ne7 26. Rxd8 Rxd8 27. Rd1 Nd5+ 28. Ke2 Rc8 29. Rd2 Rc4 30. Nd1 e4 31. Ne3 exf3+ 32. Kxf3 Nxe3 33. Kxe3 g5 34. Rd8 h5 35. Re8+ Kf7 36. Re5 Kf6 37. Rd5 h4 38. Kf3 g4+ 39. Kf2 h3 40. Rd4 Rc6 41. Rd8 b5 42. Re8 a5 43. Rb8 b4 44. Rb5 bxc3 45. bxc3 Rxc3 46. Rxa5 Rc2+ 47. Kg1 Rc1+ 48. Kf2 Rh1 49. Ke3 Rxh2 50. Ra8 Rg2 51. Kf4 Rf2+ 52. Ke3 Rf3+ 53. Kd2 Rxg3 54. a4 h2 0-1

[Event "AUS-ch Major"]
[Site "Cammeray"]
[Date "2010.01.03"]
[Round "2"]
[White "Garner, David"]
[Black "Maroroa, Sue Yuchan"]
[Result "1-0"]
[WhiteElo "2178"]
[BlackElo "1767"]
[PlyCount "39"]
[EventDate "2010.01.02"]
[EventType "swiss"]
[EventRounds "11"]
[EventCountry "AUS"]
[SourceTitle "EXT 2011"]
[Source "ChessBase"]
[SourceDate "2010.11.26"]
[SourceVersion "1"]
[SourceVersionDate "2010.11.26"]
[SourceQuality "1"]

1. d4 Nf6 2. c4 c5 3. d5 b5 4. Nf3 g6 5. cxb5 a6 6. b6 Qxb6 7. Nc3 d6 8. e4 Bg7 9. Nd2 0-0 10. Be2 Ne8 11. 0-0 Nc7 12. Nc4 Qb7 13. e5 Nb5 14. exd6 Nxc3 15. bxc3 Bxc3 16. Bh6 Re8 17. Rb1 Qa7 18. Nb6 exd6 19. Nxa8 Qxa8 20. Qb3 1-0

[Event "BCF-chT 0708 (4NCL)"]
[Site "Sunningdale"]
[Date "2007.09.15"]
[Round "1.5"]
[White "Garner, David"]
[Black "Richardson, John R"]
[Result "0-1"]
[WhiteElo "2188"]
[BlackElo "2298"]
[PlyCount "114"]
[EventDate "2007.09.15"]
[EventType "team-tourn"]
[EventRounds "11"]
[EventCountry "ENG"]
[SourceTitle "EXT 2008"]
[Source "ChessBase"]
[SourceDate "2007.11.25"]
[SourceVersion "1"]
[SourceVersionDate "2007.11.25"]
[SourceQuality "1"]
[WhiteTeam "Cambridge"]
[BlackTeam "The ADS"]
[WhiteTeamCountry "ENG"]
[BlackTeamCountry "ENG"]

1. e4 c6 2. d4 d5 3. exd5 cxd5 4. c4 Nf6 5. Nc3 e6 6. Nf3 Bb4 7. Qb3 Nc6 8. Bd3 dxc4 9. Bxc4 Bd7 10. 0-0 Be7 11. Bd3 Nb4 12. Bb1 Bc6 13. a3 Bxf3 14. axb4 Bd5 15. Nxd5 Qxd5 16. Qa4+ b5 17. Qa5 0-0 18. Bd3 Qxd4 19. Bxb5 Bxb4 20. Qa6 Bd6 21. Bc6 Rab8 22. Qxa7 Bxh2+ 23. Kxh2 Qd6+ 24. g3 Qxc6 25. Qa4 Qf3 26. Ra3 Qh5+ 27. Kg2 Rfc8 28. Qf4 Ng4 29. Rh1 Qd5+ 30. Qf3 Qxf3+ 31. Kxf3 Ne5+ 32. Ke4 Rb5 33. Rc3 Rd8 34. Re1 Rb4+ 35. Ke3 Nc4+ 36. Kf3 Nxb2 37. Bxb2 Rxb2 38. Rd1 Rbb8 39. Ra1 Rd7 40. Ra6 g5 41. Rc5 h6 42. Rc2 Kg7 43. Re2 Rb3+ 44. Kg2 Rbd3 45. Rb6 Rd2 46. Re3 Kg6 47. Ra3 Re2 48. Rf3 Rdd2 49. Rb7 f5 50. Rb6 Kh5 51. Rb4 f4 52. Rb1 e5 53. Rh1+ Kg4 54. gxf4 gxf4 55. Rxh6 e4 56. Rfh3 Rxf2+ 57. Kg1 e3 0-1

[Event "BCF-chT2 0607 (4NCL)"]
[Site "Sunningdale"]
[Date "2006.11.11"]
[Round "3.4"]
[White "Osborne, Marcus E"]
[Black "Garner, David"]
[Result "1/2-1/2"]
[WhiteElo "2254"]
[BlackElo "2179"]
[PlyCount "100"]
[EventDate "2006.09.16"]
[EventType "team-tourn"]
[EventRounds "11"]
[EventCountry "ENG"]
[SourceTitle "CBM 115 Extra"]
[Source "ChessBase"]
[SourceDate "2007.01.10"]
[SourceVersion "1"]
[SourceVersionDate "2007.01.10"]
[SourceQuality "1"]
[WhiteTeam "Richmond"]
[BlackTeam "Cambridge"]
[WhiteTeamCountry "ENG"]
[BlackTeamCountry "ENG"]

1. d4 Nf6 2. c4 e6 3. Nf3 b6 4. a3 Bb7 5. Nc3 d5 6. cxd5 Nxd5 7. Qc2 c5 8. dxc5 Bxc5 9. Bg5 f6 10. Bd2 Nc6 11. Nxd5 Qxd5 12. e3 Ne5 13. Nxe5 Qxe5 14. Bc3 Qe4 15. Bb5+ Kf7 16. Bd3 Qxg2 17. 0-0-0 Qxh1 18. Rxh1 Bxh1 19. Bxh7 f5 20. Qd1 Rxh7 21. Qxh1 Re8 22. Qb7+ Re7 23. Qc6 Re8 24. Qc7+ Re7 25. Qb8 Rd7 26. Qc8 Re7 27. Be5 a5 28. Qb8 Rh4 29. Bf4 Rg4 30. Qh8 Rd7 31. Qh5+ Rg6 32. Be5 Rd5 33. Bc3 Be7 34. Bd4 Bf6 35. Bxb6 Bxb2+ 36. Kc2 Bxa3 37. h4 Be7 38. Bd4 Bf6 39. Bxf6 Kxf6 40. Qh8 Kf7 41. Qh5 Kf6 42. Kb3 Rg4 43. Qh8 a4+ 44. Kc2 Ke5 45. f3 Rg2+ 46. Kc3 Rdd2 47. Qb8+ Kf6 48. Qf8+ Ke5 49. Qb8+ Kf6 50. Qf8+ Ke5 1/2-1/2

[Event "BCF-chT2 0506 (4NCL)"]
[Site "Birmingham"]
[Date "2006.01.14"]
[Round "5.3"]
[White "Garner, David"]
[Black "Beaumont, Chris"]
[Result "1/2-1/2"]
[WhiteElo "2191"]
[BlackElo "2329"]
[PlyCount "57"]
[EventDate "2005.10.22"]
[EventType "team-tourn"]
[EventRounds "11"]
[EventCountry "ENG"]
[SourceTitle "EXT 2007"]
[Source "ChessBase"]
[SourceDate "2006.11.23"]
[SourceVersion "1"]
[SourceVersionDate "2006.11.23"]
[SourceQuality "1"]
[WhiteTeam "Cambridge"]
[BlackTeam "Bristol"]
[WhiteTeamCountry "ENG"]
[BlackTeamCountry "ENG"]

1. e4 d6 2. d4 Nf6 3. Nc3 g6 4. Nf3 Bg7 5. Be2 0-0 6. 0-0 Bg4 7. Be3 Nc6 8. Qd2 e5 9. dxe5 dxe5 10. Rad1 Qc8 11. h3 Rd8 12. Qc1 Bxf3 13. Bxf3 Nd4 14. Bxd4 exd4 15. Nd5 Nxd5 16. exd5 c6 17. dxc6 bxc6 18. Rfe1 Qa6 19. Re7 Re8 20. Rde1 Rxe7 21. Rxe7 Bf6 22. Rc7 Rc8 23. Rxc8+ Qxc8 24. b3 Qe6 25. Qd2 c5 26. Qe2 Be5 27. Qe4 Kg7 28. h4 h5 29. g3 1/2-1/2

[Event "BCF-chT2 0506 (4NCL)"]
[Site "Birmingham"]
[Date "2005.10.22"]
[Round "1.6"]
[White "Garner, David"]
[Black "Maduekwe, Chiedu U"]
[Result "0-1"]
[WhiteElo "2191"]
[BlackElo "2142"]
[PlyCount "72"]
[EventDate "2005.10.22"]
[EventType "team-tourn"]
[EventRounds "11"]
[EventCountry "ENG"]
[SourceTitle "EXT 2007"]
[Source "ChessBase"]
[SourceDate "2006.11.23"]
[SourceVersion "1"]
[SourceVersionDate "2006.11.23"]
[SourceQuality "1"]
[WhiteTeam "Cambridge"]
[BlackTeam "Wood Green III"]
[WhiteTeamCountry "ENG"]
[BlackTeamCountry "ENG"]

1. e4 c6 2. d4 d5 3. exd5 cxd5 4. c4 Nf6 5. Nc3 e6 6. Nf3 Bb4 7. Bd3 dxc4 8. Bxc4 Qc7 9. Qe2 0-0 10. 0-0 Bxc3 11. bxc3 b6 12. Bb2 Nbd7 13. Bd3 Bb7 14. c4 Rac8 15. Rac1 Rfd8 16. Qe3 Ng4 17. Qg5 Bxf3 18. Qh4 Qxh2+ 19. Qxh2 Nxh2 20. Kxh2 Bb7 21. g4 h6 22. Be2 f6 23. f4 Nb8 24. Kg3 Ba6 25. Rc2 Kf7 26. g5 Nc6 27. Rd1 hxg5 28. fxg5 Ne7 29. Kg4 Nf5 30. Kf4 fxg5+ 31. Kxg5 Ne3 32. Bh5+ Kg8 33. Rf2 Rf8 34. Rxf8+ Rxf8 35. Rc1 Rf5+ 36. Kh4 Ng2+ 0-1

[Event "BCF-chT3 0405 (4NCL)"]
[Site "Telford"]
[Date "2005.05.30"]
[Round "11.5"]
[White "Garner, David"]
[Black "Heard, Andrew"]
[Result "1-0"]
[WhiteElo "2191"]
[BlackElo "1980"]
[PlyCount "35"]
[EventDate "2004.11.06"]
[EventType "team-tourn"]
[EventRounds "11"]
[EventCountry "ENG"]
[SourceTitle "EXT 2006"]
[Source "ChessBase"]
[SourceDate "2005.11.24"]
[SourceVersion "1"]
[SourceVersionDate "2005.11.24"]
[SourceQuality "1"]
[WhiteTeam "Cambridge"]
[BlackTeam "South County Stars"]
[WhiteTeamCountry "ENG"]
[BlackTeamCountry "ENG"]

1. e4 e6 2. d4 d5 3. Nd2 Nf6 4. e5 Nfd7 5. Bd3 c5 6. c3 Qb6 7. Ne2 Nc6 8. Nf3 cxd4 9. cxd4 Bb4+ 10. Bd2 f6 11. exf6 Nxf6 12. 0-0 0-0 13. Re1 e5 14. Bxb4 Qxb4 15. dxe5 Ne4 16. Nc3 Rxf3 17. Qxf3 Nxe5 18. Qh5 1-0

[Event "BCF-chT3 0405 (4NCL)"]
[Site "Telford"]
[Date "2005.05.28"]
[Round "9.7"]
[White "Garner, David"]
[Black "Dignam, Matthew"]
[Result "0-1"]
[WhiteElo "2191"]
[BlackElo "2171"]
[PlyCount "96"]
[EventDate "2004.11.06"]
[EventType "team-tourn"]
[EventRounds "11"]
[EventCountry "ENG"]
[SourceTitle "EXT 2006"]
[Source "ChessBase"]
[SourceDate "2005.11.24"]
[SourceVersion "1"]
[SourceVersionDate "2005.11.24"]
[SourceQuality "1"]
[WhiteTeam "Cambridge"]
[BlackTeam "Poisoned Pawns"]
[WhiteTeamCountry "ENG"]
[BlackTeamCountry "ENG"]

1. e4 c5 2. c3 d5 3. exd5 Qxd5 4. d4 Nf6 5. Nf3 e6 6. Be3 b6 7. c4 Qd8 8. Be2 Be7 9. 0-0 0-0 10. Ne5 Bb7 11. Bf3 Qc8 12. dxc5 bxc5 13. Nc3 Nc6 14. Nxc6 Bxc6 15. Qe2 Qb7 16. Bxc6 Qxc6 17. Rad1 Rfd8 18. Rxd8+ Rxd8 19. Rd1 Rxd1+ 20. Qxd1 Nd7 21. f3 h6 22. Qd2 Ne5 23. b3 a6 24. Ne4 Qd7 25. Qe2 Qc6 26. Bf4 Ng6 27. Bg3 Nh4 28. Bf2 Nf5 29. Qd2 Qc7 30. a3 Qe5 31. Qc3 Nd4 32. Qd3 Nxb3 33. g3 Nd4 34. Kg2 f5 35. Nd2 Bf6 36. f4 Qc7 37. Bxd4 Bxd4 38. Nf3 Qb7 39. Qe2 Kf7 40. Qc2 g5 41. fxg5 hxg5 42. g4 Kf6 43. Kg3 Qc7+ 44. Kg2 Qf4 45. h3 fxg4 46. Nxd4 gxh3+ 47. Kxh3 cxd4 48. a4 Qf5+ 0-1